El gran libro de la decoración del hogar
| Main Author: | |
|---|---|
| Format: | Section = Libro |
| Language: | Undetermined Spanish |
| Published: |
España
Arco
1998
|
| Subjects: |
| LEADER | 00600nam a2200217Ia 4500 | ||
|---|---|---|---|
| 008 | 240829s9999 xx 000 0 und d | ||
| 020 | |a 84-8185-214-7 | ||
| 040 | |a BIBLIOTECA-RUSB/ Ref 747 A816 | ||
| 041 | |a spa | ||
| 082 | |a Ref 747 A816 | ||
| 100 | 1 | |a Asensio Cerver, Francisco | |
| 245 | 1 | 0 | |a El gran libro de la decoración del hogar |
| 260 | |a España |b Arco |c 1998 | ||
| 300 | |a 255 p. :il. | ||
| 650 | 7 | |a DECORACION DE INTERIORES | |
| 650 | 7 | |b DISTRIBUCION DE INTERIORES | |
| 650 | 7 | |c ESTILOS DECORATIVOS | |
| 650 | 7 | |d MOBILIARIO - DECORACION | |
| 942 | |c BK |2 ddc | ||
| 991 | |a TEXTO | ||
| 999 | |c 6603 | ||